00424nam a2200169Ia 4500003000400000005001700004008004100021040000700062041000800069082002300077100002000100245005400120260003400174365000800208650001800216650002000234OSt20230603091749.0210423s2003 xx 000 0 und d cAL aeng a305.231 223bADOC aAdoption centre aChildren in residential care: projects for change aSwedenbAdoption centrec2003 cINR aSocial Groups aSocial Sciences